00457nam a2200145Ia 4500003000400000008004100004040001600045082001800061100002200079245009800101700001000199260006000209650001600269650002600285GCL140319s9999 xx 000 0 eng d aGCL / cGCL04a658.4063bB P1 aBUSHE, GERVASE R.10aPARALLEL LEARING STRUCTURES : IN INCREASING INNOVATION IN BUREAUCRACIES / cBUSHE, GERVASE R.1 aSHANI a[S.N] : bADDISON - WESLEY PUBLISHING COMPANY ، c199104aBUREAUCRACY04aORGANIZATIONAL CHANGE